[Event "MVP-ch Seniors op 19th"]
[Site "Ostseebad Binz"]
[Date "2019.12.03"]
[Round "7"]
[White "Schreiber, Kurt"]
[Black "Kuehn, Peter1111"]
[Result "1-0"]
[WhiteElo "2119"]
[BlackElo "1926"]
[PlyCount "41"]
[EventDate "2019.11.27"]
[EventType "swiss"]
[EventRounds "9"]
[EventCountry "GER"]
[SourceTitle "EXT 2021"]
[Source "ChessBase"]
[SourceDate "2020.10.23"]
[SourceVersion "1"]
[SourceVersionDate "2020.10.23"]
[SourceQuality "1"]

1. d4 f5 2. Bg5 g6 3. Nc3 Bg7 4. e4 fxe4 5. Nxe4 d5 6. Ng3 c5 7. Nf3 Nc6 8. Be2 cxd4 9. 0-0 Nf6 10. Nxd4 0-0 11. c3 e5 12. Nb3 h6 13. Be3 b6 14. f4 Bb7 15. fxe5 Nxe5 16. Nd4 Qe7 17. Qd2 Nfg4 18. Bf4 Qh4 19. Bxg4 Nxg4 20. h3 Nf6 21. Nf3 1-0

[Event "MVP-ch Seniors op 18th"]
[Site "Ostseebad Binz"]
[Date "2018.11.30"]
[Round "3"]
[White "Schreiber, Kurt"]
[Black "Strack Goertsches, Hans Juergen"]
[Result "1-0"]
[WhiteElo "2114"]
[BlackElo "1964"]
[PlyCount "85"]
[EventDate "2018.11.28"]
[EventType "swiss"]
[EventRounds "9"]
[EventCountry "GER"]
[SourceTitle "CBM 188 Extra"]
[Source "ChessBase"]
[SourceDate "2019.02.26"]
[SourceVersion "1"]
[SourceVersionDate "2019.02.26"]
[SourceQuality "1"]

1. Nf3 Nf6 2. c4 d6 3. d4 g6 4. Nc3 Bg7 5. e3 Nbd7 6. Be2 0-0 7. 0-0 c6 8. b4 c5 9. b5 b6 10. a4 Bb7 11. Qc2 Qc7 12. Bb2 e5 13. d5 Rfe8 14. Nd2 Nf8 15. Ra2 N6d7 16. a5 f5 17. Rfa1 e4 18. Nd1 Ne5 19. Bc3 Qe7 20. axb6 axb6 21. Rxa8 Rxa8 22. Rxa8 Bxa8 23. Qa2 Bb7 24. Qa7 Qc7 25. f4 exf3 26. gxf3 g5 27. h4 gxh4 28. f4 Ng4 29. Bxg4 Bxc3 30. Nxc3 Qg7 31. Nf1 Qxg4+ 32. Kf2 Qg7 33. Nb1 h3 34. Nbd2 Qg2+ 35. Ke1 Qg7 36. Qxb6 Qe7 37. Ke2 Ng6 38. Kd3 h6 39. Qa7 Kh7 40. Qb8 Nh4 41. b6 Kg6 42. Qg8+ Kh5 43. Ng3# 1-0

[Event "Hessenliga 1516"]
[Site "Germany"]
[Date "2016.02.14"]
[Round "7.4"]
[White "Stickler, Roberto"]
[Black "Schreiber, Kurt"]
[Result "1/2-1/2"]
[WhiteElo "2227"]
[BlackElo "2153"]
[PlyCount "25"]
[EventDate "2015.09.27"]
[EventType "team-tourn"]
[EventRounds "9"]
[EventCountry "GER"]
[SourceTitle "EXT 2018"]
[Source "ChessBase"]
[SourceDate "2017.10.13"]
[SourceVersion "1"]
[SourceVersionDate "2017.10.13"]
[SourceQuality "1"]
[WhiteTeam "Dettingen"]
[BlackTeam "Dotzheim"]
[WhiteTeamCountry "GER"]
[BlackTeamCountry "GER"]

1. d4 g6 2. Nf3 Bg7 3. Bf4 d6 4. e3 Nd7 5. Be2 e5 6. Bg3 Nh6 7. dxe5 dxe5 8. e4 Qe7 9. c3 f6 10. Na3 a6 11. Nc4 Nf7 12. Ne3 c6 13. h4 1/2-1/2

[Event "MVP-ch Seniors op 14th"]
[Site "Binz"]
[Date "2014.11.27"]
[Round "3"]
[White "Schreiber, Kurt"]
[Black "Rychlik, Kurt"]
[Result "1/2-1/2"]
[WhiteElo "2044"]
[BlackElo "1882"]
[PlyCount "52"]
[EventDate "2014.11.25"]
[EventType "swiss"]
[EventRounds "9"]
[EventCountry "GER"]
[SourceTitle "EXT 2016"]
[Source "ChessBase"]
[SourceDate "2015.10.08"]
[SourceVersion "1"]
[SourceVersionDate "2015.10.08"]
[SourceQuality "1"]

1. d4 g6 2. e4 Bg7 3. c3 d6 4. Nf3 Nd7 5. Bd3 e5 6. 0-0 Ne7 7. Bg5 h6 8. Bxe7 Qxe7 9. Nbd2 0-0 10. Qc2 a6 11. Rfe1 Nf6 12. dxe5 dxe5 13. Nc4 Nh5 14. Ne3 c6 15. Rad1 Be6 16. Bc4 Rad8 17. Qb3 Bc8 18. Qb6 Nf4 19. a4 Be6 20. Bxe6 Nxe6 21. Nc4 f6 22. Qb3 Kh7 23. Na5 Rxd1 24. Rxd1 Rd8 25. Rxd8 Nxd8 26. Qd1 Bf8 1/2-1/2

[Event "GER-ch 2013-A email"]
[Site "GER email"]
[Date "2014.10.13"]
[Round "?"]
[White "Arnold, Horst"]
[Black "Schreiber, Kurt"]
[Result "1/2-1/2"]
[WhiteElo "2050"]
[BlackElo "2243"]
[PlyCount "91"]
[EventDate "2014.??.??"]
[EventType "tourn (corr)"]
[EventRounds "10"]
[EventCountry "GER"]
[SourceTitle "Corr 2020"]
[Source "ChessBase"]
[SourceDate "2019.09.30"]
[SourceVersion "1"]
[SourceVersionDate "2019.09.30"]
[SourceQuality "1"]

1. e4 e5 2. Nf3 Nc6 3. d4 exd4 4. Nxd4 Nf6 5. Nc3 Bb4 6. Nxc6 bxc6 7. Bd3 0-0 8. 0-0 d5 9. exd5 cxd5 10. Bg5 c6 11. Qf3 Bd6 12. Bxf6 Qxf6 13. Qxf6 gxf6 14. Ne2 Re8 15. Ng3 Rb8 16. b3 Be5 17. Rad1 Rb4 18. c4 a5 19. f4 Bd4+ 20. Kh1 dxc4 21. Bxc4 c5 22. Rfe1 Rxe1+ 23. Rxe1 Kf8 24. Ne4 Rb6 25. h3 h5 26. Kh2 Be6 27. Bxe6 fxe6 28. Re2 a4 29. bxa4 Kf7 30. g4 hxg4 31. hxg4 Ra6 32. a5 Rxa5 33. Nd6+ Ke7 34. Nc4 Rb5 35. Rc2 Rb1 36. a4 Ra1 37. a5 e5 38. fxe5 fxe5 39. g5 Ke6 40. g6 e4 41. Kh3 Kf5 42. Rg2 Rh1+ 43. Kg3 Rh6 44. g7 Bxg7 45. Ne3+ Ke6 46. Kf4 1/2-1/2

[Event "GER-ch 2013-A email"]
[Site "GER email"]
[Date "2014.10.13"]
[Round "?"]
[White "Bars, Joachim"]
[Black "Schreiber, Kurt"]
[Result "1/2-1/2"]
[WhiteElo "2129"]
[BlackElo "2243"]
[PlyCount "59"]
[EventDate "2014.??.??"]
[EventType "tourn (corr)"]
[EventRounds "10"]
[EventCountry "GER"]
[SourceTitle "Corr 2020"]
[Source "ChessBase"]
[SourceDate "2019.09.30"]
[SourceVersion "1"]
[SourceVersionDate "2019.09.30"]
[SourceQuality "1"]

1. d4 Nf6 2. c4 e6 3. Nf3 d5 4. Nc3 Be7 5. Bf4 0-0 6. e3 Nbd7 7. c5 Nh5 8. Bd3 Nxf4 9. exf4 b6 10. b4 a5 11. a3 c6 12. 0-0 Qc7 13. g3 Ba6 14. Bxa6 Rxa6 15. Qe2 Raa8 16. Rfb1 g6 17. Ne5 axb4 18. axb4 Nxe5 19. fxe5 Ra7 20. Kg2 Rfa8 21. Qb2 b5 22. h4 Bf8 23. Rxa7 Qxa7 24. Qd2 h5 25. Rb2 Qa1 26. Rb1 Qa3 27. Qc2 Bh6 28. Rb2 Rc8 29. f4 Kg7 30. Kf3 1/2-1/2

[Event "GER-ch 2013-A email"]
[Site "GER email"]
[Date "2014.10.13"]
[Round "?"]
[White "Klapp, Herwig"]
[Black "Schreiber, Kurt"]
[Result "0-1"]
[WhiteElo "2070"]
[BlackElo "2243"]
[PlyCount "110"]
[EventDate "2014.??.??"]
[EventType "tourn (corr)"]
[EventRounds "10"]
[EventCountry "GER"]
[SourceTitle "Corr 2020"]
[Source "ChessBase"]
[SourceDate "2019.09.30"]
[SourceVersion "1"]
[SourceVersionDate "2019.09.30"]
[SourceQuality "1"]

1. e4 e5 2. Nf3 Nc6 3. Bb5 a6 4. Ba4 Nf6 5. 0-0 Be7 6. Bxc6 dxc6 7. d3 Bd6 8. Nbd2 Be6 9. b3 Nd7 10. Bb2 Qe7 11. Qe2 f6 12. Rfd1 0-0-0 13. Nf1 g6 14. c4 h5 15. a3 g5 16. b4 c5 17. b5 axb5 18. cxb5 c4 19. dxc4 h4 20. N3d2 g4 21. Bc3 Qh7 22. Bb4 Bc5 23. Bxc5 Nxc5 24. a4 Rd4 25. a5 h3 26. g3 Rhd8 27. b6 c6 28. a6 Nxa6 29. Ne3 Kb8 30. Nc2 Rd3 31. Nf1 Rxd1 32. Rxd1 Kc8 33. Ra1 Qd7 34. Nb4 Qd4 35. Nxa6 Qxa1 36. Nc5 Bd7 37. Nxd7 Kxd7 38. Qxg4+ Kd6 39. Qxh3 Kc5 40. Kg2 Qb1 41. Qh7 Kxb6 42. Ne3 Rd4 43. h4 Qxe4+ 44. Qxe4 Rxe4 45. h5 Rd4 46. h6 Rd7 47. Ng4 Rf7 48. Kh3 Kc5 49. Kh4 Kxc4 50. Kh5 b5 51. Kg6 Rf8 52. Nxf6 b4 53. h7 Rh8 54. Ne4 Kd4 55. Nd2 c5 0-1

[Event "Hessenliga 1314"]
[Site "Germany"]
[Date "2014.04.27"]
[Round "9.3"]
[White "Schreiber, Kurt"]
[Black "Neumann, Norbert"]
[Result "1/2-1/2"]
[WhiteElo "2138"]
[BlackElo "2144"]
[PlyCount "42"]
[EventDate "2013.09.29"]
[EventType "team-tourn"]
[EventRounds "9"]
[EventCountry "GER"]
[SourceTitle "EXT 2015"]
[Source "ChessBase"]
[SourceDate "2014.11.20"]
[SourceVersion "1"]
[SourceVersionDate "2014.11.20"]
[SourceQuality "1"]
[WhiteTeam "Dotzheim"]
[BlackTeam "Langen"]
[WhiteTeamCountry "GER"]
[BlackTeamCountry "GER"]

1. d4 d5 2. Nf3 c6 3. e3 Nf6 4. c4 e6 5. b3 Nbd7 6. Bb2 Bb4+ 7. Nbd2 0-0 8. Bd3 b6 9. 0-0 Bb7 10. Qe2 Re8 11. Rfd1 Rc8 12. e4 Nf8 13. e5 N6d7 14. Nf1 Be7 15. Rac1 Rc7 16. Rc2 Qb8 17. Ng3 Ng6 18. Qe3 c5 19. cxd5 Bxd5 20. Re2 Rd8 21. Ne4 cxd4 1/2-1/2